[Event "70th RUS-ch Women Higher League 2020"]
[Site "Sochi"]
[Date "2020.10.16"]
[Round "8.10"]
[White "Potapova, Margarita"]
[Black "Solozhenkina, Elizaveta"]
[Result "1/2-1/2"]
[WhiteElo "2270"]
[BlackElo "2301"]
[Annotator "ChessBase"]
[PlyCount "119"]
[EventDate "2020.10.08"]
[EventType "swiss"]
[EventCountry "RUS"]
[SourceTitle "playchess.com"]
[Source "ChessBase"]
[SourceQuality "1"]
[TimeControl "40/5400+30:1800+30"]

1. Nf3 {[%emt 0:00:00]} c5 {[%emt 0:06:54]} 2. c4 {[%emt 0:02:54]} Nc6 {[%emt 0:02:54]} 3. Nc3 {[%emt 0:01:58]} e5 {[%emt 0:00:10]} 4. e3 {[%emt 0:01:14]} Nf6 {[%emt 0:00:23]} 5. d4 {[%emt 0:02:43]} cxd4 {[%emt 0:00:20]} 6. exd4 {[%emt 0:00:06]} e4 {[%emt 0:00:10]} 7. Ne5 {[%emt 0:06:23]} Bb4 {[%emt 0:04:18]} 8. Be2 {[%emt 0:17:48]} Qa5 {[%emt 0:10:47]} 9. Nxc6 {[%emt 0:01:27]} dxc6 {[%emt 0:01:36]} 10. Bd2 {[%emt 0:02:48]} Qb6 {[%emt 0:08:03]} 11. Be3 {[%emt 0:12:19]} Qc7 {[%emt 0:04:04]} 12. a3 {[%emt 0:08:28]} Bxc3+ {[%emt 0:12:41]} 13. bxc3 {[%emt 0:00:04]} h6 {[%emt 0:00:07]} 14. h3 {[%emt 0:02:37]} Be6 {[%emt 0:02:09]} 15. Qd2 {[%emt 0:01:17]} O-O {[%emt 0:03:33]} 16. O-O {[%emt 0:02:30]} Rad8 {[%emt 0:04:58]} 17. a4 {[%emt 0:02:17]} Qe7 {[%emt 0:01:17]} 18. Rfb1 {[%emt 0:00:59]} Bc8 {[%emt 0:01:08]} 19. a5 {[%emt 0:05:37]} a6 {[%emt 0:01:01]} 20. Bf4 {[%emt 0:01:16]} Ne8 {[%emt 0:02:54]} 21. Re1 {[%emt 0:01:21]} g5 {[%emt 0:05:28]} 22. Bh2 {[%emt 0:00:31]} f5 {[%emt 0:00:23]} 23. Qc2 {[%emt 0:03:32]} Nf6 {[%emt 0:06:36]} 24. Be5 {[%emt 0:02:25]} Nd7 {[%emt 0:05:11]} 25. Bc7 {[%emt 0:02:08]} Rde8 {[%emt 0:00:07]} 26. Qa2 {[%emt 0:06:37]} Kh7 {[%emt 0:01:32]} 27. Bh2 {[%emt 0:02:28]} Nf6 {[%emt 0:07:03]} 28. Be5 {[%emt 0:01:32]} f4 {[%emt 0:01:19]} 29. c5 {[%emt 0:01:50]} Rd8 {[%emt 0:03:53]} 30. Qc2 {[%emt 0:01:17]} Bf5 {[%emt 0:00:34]} 31. Bf3 {[%emt 0:01:26]} Rde8 {[%emt 0:01:59]} 32. Bd6 {[%emt 0:04:22]} Qd7 33. Bxf8 {[%emt 0:00:44]} exf3 {[%emt 0:02:05]} 34. Rxe8 {[%emt 0:00:05]} Nxe8 {[%emt 0:00:03]} 35. Qb3 {[%emt 0:00:49]} Be6 {[%emt 0:00:25]} 36. Qc2+ {[%emt 0:00:12]} Bf5 {[%emt 0:00:09]} 37. Qb2 {[%emt 0:00:37]} Qf7 {[%emt 0:01:33]} 38. Bd6 {[%emt 0:00:31]} fxg2 {[%emt 0:00:37]} 39. Re1 {[%emt 0:00:46]} Be6 {[%emt 0:00:19]} 40. Qc2+ {[%emt 0:00:00]} Kg8 {[%emt 0:00:00]} 41. f3 {[%emt 0:06:31]} Ng7 {[%emt 0:07:03]} 42. Qxg2 {[%emt 0:12:06]} Nf5 {[%emt 0:03:30]} 43. Re5 {[%emt 0:06:43]} Ne3 {[%emt 0:07:48]} 44. Qh2 {[%emt 0:01:02]} Bf5 {[%emt 0:03:44]} 45. Rxe3 {[%emt 0:06:20]} fxe3 {[%emt 0:00:12]} 46. Qe5 {[%emt 0:00:10]} Bxh3 {[%emt 0:04:00]} 47. Qxe3 {[%emt 0:00:17]} Be6 {[%emt 0:01:44]} 48. f4 {[%emt 0:01:03]} g4 {[%emt 0:03:21]} 49. f5 {[%emt 0:01:08]} Qxf5 {[%emt 0:00:28]} 50. Qxh6 {[%emt 0:00:09]} Qb1+ {[%emt 0:01:34]} 51. Kf2 {[%emt 0:00:07]} Qc2+ {[%emt 0:00:18]} 52. Kg3 {[%emt 0:00:38]} Qxc3+ {[%emt 0:01:51]} 53. Kh4 {[%emt 0:00:06]} Qh3+ {[%emt 0:01:16]} 54. Kg5 {[%emt 0:00:05]} Qxh6+ {[%emt 0:00:46]} 55. Kxh6 {[%emt 0:00:05]} Kf7 {[%emt 0:00:28]} 56. Kg5 {[%emt 0:00:08]} Bd7 {[%emt 0:00:17]} 57. Kf4 {[%emt 0:00:36]} Ke6 {[%emt 0:00:29]} 58. Kg3 {[%emt 0:00:55]} Kd5 {[%emt 0:00:34]} 59. Be5 {[%emt 0:00:07]} Ke4 {[%emt 0:00:30]} 60. Bf6 {[%emt 0:00:13]} 1/2-1/2

[Event "70th RUS-ch Women Higher League 2020"]
[Site "Sochi"]
[Date "2020.10.16"]
[Round "8.11"]
[White "Gritsayeva, Oksana"]
[Black "Bykova, Anastasia"]
[Result "1/2-1/2"]
[WhiteElo "2373"]
[BlackElo "2215"]
[Annotator "ChessBase"]
[PlyCount "116"]
[EventDate "2020.10.08"]
[EventType "swiss"]
[EventCountry "RUS"]
[SourceTitle "playchess.com"]
[Source "ChessBase"]
[SourceQuality "1"]
[TimeControl "40/5400+30:1800+30"]

1. e4 {[%emt 0:00:00]} c6 {[%emt 0:00:00]} 2. Nf3 {[%emt 0:00:00]} d5 {[%emt 0:00:00]} 3. Nc3 {[%emt 0:00:00]} dxe4 {[%emt 0:00:00]} 4. Nxe4 {[%emt 0:00:00]} Nf6 {[%emt 0:00:00]} 5. Qe2 {[%emt 0:00:00]} Nxe4 {[%emt 0:06:09]} 6. Qxe4 {[%emt 0:00:12]} Qd5 {[%emt 0:00:07]} 7. Qh4 {[%emt 0:00:07]} Qe6+ {[%emt 0:02:36]} 8. Be2 {[%emt 0:00:06]} Qg4 {[%emt 0:00:06]} 9. Qg3 {[%emt 0:00:05]} Qxg3 {[%emt 0:00:38]} 10. hxg3 {[%emt 0:00:04]} Bf5 {[%emt 0:01:52]} 11. b3 {[%emt 0:00:06]} Nd7 {[%emt 0:05:56]} 12. Bb2 {[%emt 0:00:13]} O-O-O {[%emt 0:01:52]} 13. Ng5 {[%emt 0:02:55]} Bg6 {[%emt 0:03:58]} 14. Bh5 {[%emt 0:02:35]} Bxc2 {[%emt 0:10:41]} 15. Rc1 {[%emt 0:05:17]} Bf5 {[%emt 0:06:24]} 16. Nxf7 {[%emt 0:00:32]} Rg8 {[%emt 0:00:03]} 17. Nxd8 {[%emt 0:00:43]} Kxd8 {[%emt 0:00:03]} 18. Bf7 {[%emt 0:01:16]} Rh8 {[%emt 0:00:04]} 19. g4 {[%emt 0:04:30]} Bxg4 {[%emt 0:02:44]} 20. Rc4 {[%emt 0:02:27]} Bf5 {[%emt 0:00:18]} 21. Bh5 {[%emt 0:45:24]} e6 {[%emt 0:10:41]} 22. Be2 {[%emt 0:01:00]} Rg8 {[%emt 0:01:14]} 23. Bd4 {[%emt 0:02:19]} a6 {[%emt 0:04:15]} 24. d3 {[%emt 0:07:27]} Bd6 {[%emt 0:06:01]} 25. Rc2 {[%emt 0:02:44]} Ke7 {[%emt 0:04:02]} 26. Kd2 {[%emt 0:02:46]} Nf6 {[%emt 0:01:56]} 27. Bxf6+ {[%emt 0:02:56]} gxf6 {[%emt 0:00:47]} 28. Bf3 {[%emt 0:00:31]} Bg6 {[%emt 0:01:45]} 29. Rc4 {[%emt 0:00:48]} e5 {[%emt 0:08:02]} 30. g3 {[%emt 0:02:54]} Rd8 {[%emt 0:02:10]} 31. Ke2 {[%emt 0:03:32]} a5 {[%emt 0:04:22]} 32. Rch4 {[%emt 0:01:38]} Rd7 {[%emt 0:02:34]} 33. g4 {[%emt 0:02:06]} Bb4 {[%emt 0:02:13]} 34. Rd1 {[%emt 0:01:31]} Rd4 {[%emt 0:00:59]} 35. Be4 {[%emt 0:00:53]} Bxe4 {[%emt 0:02:59]} 36. dxe4 {[%emt 0:00:04]} Rxe4+ {[%emt 0:00:03]} 37. Kf3 {[%emt 0:00:54]} Rf4+ {[%emt 0:00:14]} 38. Kg3 {[%emt 0:00:07]} Ke6 {[%emt 0:01:19]} 39. Rxh7 {[%emt 0:00:31]} Be7 {[%emt 0:04:50]} 40. Rc1 {[%emt 0:00:00]} Rd4 {[%emt 0:00:00]} 41. Rc2 {[%emt 0:05:52]} a4 {[%emt 0:05:52]} 42. bxa4 {[%emt 0:00:38]} Rxa4 {[%emt 0:03:38]} 43. f3 {[%emt 0:00:18]} Ra3 {[%emt 0:01:05]} 44. Kg2 {[%emt 0:00:16]} Ra6 {[%emt 0:00:54]} 45. Rh1 {[%emt 0:05:10]} b5 {[%emt 0:00:52]} 46. Kf2 {[%emt 0:01:42]} c5 {[%emt 0:01:49]} 47. Ke2 {[%emt 0:01:18]} c4 {[%emt 0:01:10]} 48. Rb1 {[%emt 0:00:42]} Ra5 {[%emt 0:00:28]} 49. Rcb2 {[%emt 0:02:17]} b4 {[%emt 0:00:50]} 50. Rc2 {[%emt 0:02:29]} c3 {[%emt 0:05:30]} 51. Kd3 {[%emt 0:01:17]} Rd5+ {[%emt 0:00:29]} 52. Ke2 {[%emt 0:00:23]} Ra5 {[%emt 0:01:53]} 53. Kd3 {[%emt 0:00:05]} Kd5 {[%emt 0:02:05]} 54. Rb3 {[%emt 0:01:51]} Ra7 {[%emt 0:00:33]} 55. a3 {[%emt 0:02:02]} bxa3 {[%emt 0:00:24]} 56. Ra2 {[%emt 0:00:06]} Ra4 {[%emt 0:01:08]} 57. Rxc3 {[%emt 0:02:28]} Bc5 {[%emt 0:00:57]} 58. Rb3 {[%emt 0:02:19]} Rd4+ {[%emt 0:02:24]} 1/2-1/2

[Event "70th RUS-ch Women Higher League 2020"]
[Site "Sochi"]
[Date "2020.10.16"]
[Round "8.12"]
[White "Semenova, Elena"]
[Black "Miroshnik, Ekaterina"]
[Result "1-0"]
[WhiteElo "2284"]
[BlackElo "2104"]
[Annotator "ChessBase"]
[PlyCount "51"]
[EventDate "2020.10.08"]
[EventType "swiss"]
[EventCountry "RUS"]
[SourceTitle "playchess.com"]
[Source "ChessBase"]
[SourceQuality "1"]
[TimeControl "40/5400+30:1800+30"]

1. e4 {[%emt 0:00:00]} c5 {[%emt 0:00:00]} 2. Nf3 {[%emt 0:00:00]} Nc6 {[%emt 0:00:00]} 3. Bb5 {[%emt 0:00:57]} g6 {[%emt 0:00:00]} 4. O-O {[%emt 0:00:30]} Bg7 {[%emt 0:00:00]} 5. c3 {[%emt 0:00:06]} Nf6 {[%emt 0:02:22]} 6. Re1 {[%emt 0:00:30]} O-O {[%emt 0:00:30]} 7. d4 {[%emt 0:00:30]} cxd4 {[%emt 0:00:30]} 8. cxd4 {[%emt 0:00:00]} d6 {[%emt 0:08:51]} 9. h3 {[%emt 0:03:21]} Qa5 {[%emt 0:05:03]} 10. Nc3 {[%emt 0:01:31]} a6 {[%emt 0:06:35]} 11. Bc4 {[%emt 0:08:49]} e5 {[%emt 0:11:25]} 12. dxe5 {[%emt 0:13:58]} Nxe5 {[%emt 0:05:34]} 13. Bb3 {[%emt 0:09:43]} Nxf3+ {[%emt 0:08:01]} 14. Qxf3 {[%emt 0:00:05]} Be6 {[%emt 0:03:49]} 15. Bf4 {[%emt 0:01:34]} Bxb3 {[%emt 0:08:00]} 16. axb3 {[%emt 0:00:38]} Qb4 {[%emt 0:05:11]} 17. Bg5 {[%emt 0:06:50]} Nd7 {[%emt 0:06:31]} 18. Nd5 {[%emt 0:04:31]} Qd4 {[%emt 0:02:33]} 19. Be7 {[%emt 0:01:30]} Rfc8 {[%emt 0:09:45]} 20. Bxd6 {[%emt 0:04:29]} Rc2 {[%emt 0:01:56]} 21. e5 {[%emt 0:18:07]} Nxe5 {[%emt 0:11:34]} 22. Bxe5 {[%emt 0:09:01]} Bxe5 {[%emt 0:00:04]} 23. Rad1 {[%emt 0:01:06]} Qxb2 {[%emt 0:01:31]} 24. Nb6 {[%emt 0:03:17]} Re8 {[%emt 0:01:32]} 25. Nc4 {[%emt 0:04:01]} Qc3 {[%emt 0:00:02]} 26. Nxe5 1-0

[Event "70th RUS-ch Women Higher League 2020"]
[Site "Sochi"]
[Date "2020.10.16"]
[Round "8.13"]
[White "Nasyrova, Ekaterina"]
[Black "Yakimova, Mariya"]
[Result "1-0"]
[WhiteElo "2171"]
[BlackElo "2269"]
[Annotator "ChessBase"]
[PlyCount "101"]
[EventDate "2020.10.08"]
[EventType "swiss"]
[EventCountry "RUS"]
[SourceTitle "playchess.com"]
[Source "ChessBase"]
[SourceQuality "1"]
[TimeControl "40/5400+30:1800+30"]

1. Nf3 {[%emt 0:00:00]} d6 {[%emt 0:00:00]} 2. d4 {[%emt 0:00:00]} Nf6 {[%emt 0:00:00]} 3. c4 {[%emt 0:00:00]} g6 {[%emt 0:00:00]} 4. g3 {[%emt 0:00:04]} Bg7 {[%emt 0:00:00]} 5. Bg2 {[%emt 0:00:12]} O-O {[%emt 0:00:00]} 6. O-O {[%emt 0:00:12]} Nbd7 {[%emt 0:00:00]} 7. Nc3 {[%emt 0:00:25]} e5 {[%emt 0:00:00]} 8. e4 {[%emt 0:00:33]} a5 {[%emt 0:02:40]} 9. Re1 {[%emt 0:04:24]} h6 {[%emt 0:04:50]} 10. b3 {[%emt 0:01:35]} Ng4 {[%emt 0:06:41]} 11. Bb2 {[%emt 0:09:30]} exd4 {[%emt 0:06:15]} 12. Nxd4 {[%emt 0:02:15]} Nc5 {[%emt 0:00:09]} 13. h3 {[%emt 0:07:17]} Ne5 {[%emt 0:00:54]} 14. Re3 {[%emt 0:00:46]} a4 {[%emt 0:03:27]} 15. Rb1 {[%emt 0:03:03]} axb3 {[%emt 0:06:08]} 16. axb3 {[%emt 0:00:49]} c6 {[%emt 0:01:35]} 17. Nce2 {[%emt 0:17:33]} Re8 {[%emt 0:05:16]} 18. Bc3 {[%emt 0:06:00]} Qb6 {[%emt 0:08:51]} 19. Be1 {[%emt 0:09:02]} Ned7 {[%emt 0:07:01]} 20. b4 {[%emt 0:12:04]} Na4 {[%emt 0:03:20]} 21. f4 {[%emt 0:03:41]} Qd8 {[%emt 0:08:42]} 22. Bf2 {[%emt 0:00:59]} Ndb6 {[%emt 0:00:25]} 23. Qc2 {[%emt 0:01:36]} c5 {[%emt 0:01:14]} 24. bxc5 {[%emt 0:04:22]} Nxc5 {[%emt 0:00:07]} 25. Nb3 {[%emt 0:05:07]} Nba4 {[%emt 0:07:05]} 26. Ned4 {[%emt 0:03:16]} Nxb3 {[%emt 0:02:52]} 27. Nxb3 {[%emt 0:02:45]} Qc7 {[%emt 0:02:46]} 28. Nd2 {[%emt 0:05:01]} Nc5 {[%emt 0:01:37]} 29. Ree1 {[%emt 0:00:46]} Ra3 {[%emt 0:01:25]} 30. Nb3 {[%emt 0:00:44]} Na4 {[%emt 0:04:07]} 31. Nd4 {[%emt 0:00:18]} Bd7 {[%emt 0:01:21]} 32. Nb5 {[%emt 0:00:39]} Bxb5 {[%emt 0:00:38]} 33. Rxb5 {[%emt 0:00:01]} Nc3 {[%emt 0:04:09]} 34. Rb3 {[%emt 0:00:58]} Rea8 {[%emt 0:00:12]} 35. c5 {[%emt 0:00:45]} Ra2 {[%emt 0:01:52]} 36. cxd6 {[%emt 0:00:25]} Qc4 {[%emt 0:03:18]} 37. Rb2 {[%emt 0:00:09]} Rxb2 {[%emt 0:00:53]} 38. Qxb2 {[%emt 0:00:02]} Ra2 {[%emt 0:01:42]} 39. Qxb7 {[%emt 0:00:37]} Bd4 {[%emt 0:05:14]} 40. d7 {[%emt 0:00:00]} Bxf2+ {[%emt 0:00:00]} 41. Kh1 {[%emt 0:01:01]} Qd3 {[%emt 0:16:43]} 42. Qc8+ {[%emt 0:02:12]} Kg7 {[%emt 0:01:19]} 43. d8=Q {[%emt 0:00:19]} Qxd8 {[%emt 0:00:09]} 44. Qxd8 {[%emt 0:00:07]} Bxe1 {[%emt 0:00:04]} 45. f5 {[%emt 0:01:25]} Ra6 {[%emt 0:06:13]} 46. Qd4+ {[%emt 0:03:36]} Kh7 {[%emt 0:00:51]} 47. Qc4 {[%emt 0:00:58]} Ra7 {[%emt 0:01:06]} 48. f6 {[%emt 0:00:37]} Rd7 {[%emt 0:06:13]} 49. Qc8 {[%emt 0:03:09]} Rd1 {[%emt 0:00:20]} 50. Bf3 {[%emt 0:00:17]} Rc1 {[%emt 0:00:44]} 51. Qf8 {[%emt 0:00:46]} 1-0

[Event "70th RUS-ch Women Higher League 2020"]
[Site "Sochi"]
[Date "2020.10.16"]
[Round "8.14"]
[White "Komissarova, Soigina"]
[Black "Lysenko, Margarita"]
[Result "0-1"]
[WhiteElo "1780"]
[BlackElo "2239"]
[Annotator "ChessBase"]
[PlyCount "88"]
[EventDate "2020.10.08"]
[EventType "swiss"]
[EventCountry "RUS"]
[SourceTitle "playchess.com"]
[Source "ChessBase"]
[SourceQuality "1"]
[TimeControl "40/5400+30:1800+30"]

1. e4 {[%emt 0:00:00]} c5 {[%emt 0:00:00]} 2. Nf3 {[%emt 0:00:00]} g6 {[%emt 0:00:12]} 3. d4 {[%emt 0:00:21]} cxd4 {[%emt 0:00:46]} 4. Nxd4 {[%emt 0:02:09]} Bg7 {[%emt 0:00:36]} 5. Nc3 {[%emt 0:00:47]} Nc6 {[%emt 0:00:21]} 6. Be3 {[%emt 0:00:51]} Nf6 {[%emt 0:00:37]} 7. Bc4 {[%emt 0:01:02]} O-O {[%emt 0:03:25]} 8. Bb3 {[%emt 0:02:09]} d6 {[%emt 0:01:56]} 9. h3 {[%emt 0:01:38]} Na5 {[%emt 0:04:37]} 10. O-O {[%emt 0:07:12]} Bd7 {[%emt 0:06:24]} 11. Qd2 {[%emt 0:04:33]} Nxb3 {[%emt 0:05:33]} 12. axb3 {[%emt 0:01:15]} a6 {[%emt 0:03:39]} 13. Rfe1 {[%emt 0:03:27]} Re8 {[%emt 0:04:44]} 14. Bh6 {[%emt 0:05:52]} Bh8 {[%emt 0:02:21]} 15. Kh1 {[%emt 0:01:39]} Rc8 {[%emt 0:03:52]} 16. Nd5 {[%emt 0:04:59]} e6 {[%emt 0:12:31]} 17. Nc3 {[%emt 0:02:18]} Rc5 {[%emt 0:04:46]} 18. Nf3 {[%emt 0:03:26]} Bc6 {[%emt 0:05:33]} 19. Rad1 {[%emt 0:02:51]} Rxc3 {[%emt 0:03:49]} 20. Qxc3 {[%emt 0:05:11]} Nxe4 {[%emt 0:00:33]} 21. Qe3 {[%emt 0:00:38]} Bxb2 {[%emt 0:08:02]} 22. Nd4 {[%emt 0:09:00]} Qf6 {[%emt 0:03:32]} 23. Rf1 {[%emt 0:03:55]} Bxd4 {[%emt 0:03:39]} 24. Qxd4 {[%emt 0:00:23]} e5 {[%emt 0:00:58]} 25. Qe3 {[%emt 0:01:56]} g5 {[%emt 0:01:49]} 26. Bxg5 {[%emt 0:01:14]} Nxg5 {[%emt 0:01:27]} 27. f3 {[%emt 0:00:47]} d5 {[%emt 0:02:46]} 28. Rde1 {[%emt 0:02:59]} d4 {[%emt 0:01:42]} 29. Qd2 {[%emt 0:00:35]} Ne6 {[%emt 0:00:24]} 30. Rf2 {[%emt 0:10:34]} Nf4 {[%emt 0:01:08]} 31. Kh2 {[%emt 0:00:46]} Qf5 {[%emt 0:03:25]} 32. Qa5 {[%emt 0:02:38]} Kh8 {[%emt 0:02:07]} 33. Rd2 {[%emt 0:02:25]} Nd5 {[%emt 0:02:18]} 34. Re4 {[%emt 0:01:00]} Ne3 {[%emt 0:03:45]} 35. Rh4 {[%emt 0:02:13]} Nf1+ {[%emt 0:00:32]} 36. Kg1 {[%emt 0:00:08]} Nxd2 {[%emt 0:00:11]} 37. Qxd2 {[%emt 0:00:05]} Rg8 {[%emt 0:01:11]} 38. Kf2 {[%emt 0:02:13]} Qg5 {[%emt 0:00:31]} 39. Qxg5 {[%emt 0:00:27]} Rxg5 {[%emt 0:00:07]} 40. Rh6 {[%emt 0:00:00]} Rg6 {[%emt 0:00:00]} 41. Rh5 {[%emt 0:00:26]} f6 {[%emt 0:00:38]} 42. g4 {[%emt 0:00:21]} Rg5 {[%emt 0:00:22]} 43. Rh4 {[%emt 0:00:06]} a5 {[%emt 0:00:29]} 44. Kg3 {[%emt 0:00:30]} b5 {[%emt 0:00:10]} 0-1

[Event "70th RUS-ch Women Higher League 2020"]
[Site "Sochi"]
[Date "2020.10.16"]
[Round "8.15"]
[White "Mironenko, Galina"]
[Black "Ovod, Evgenija"]
[Result "0-1"]
[WhiteElo "2061"]
[BlackElo "2372"]
[Annotator "ChessBase"]
[PlyCount "96"]
[EventDate "2020.10.08"]
[EventType "swiss"]
[EventCountry "RUS"]
[SourceTitle "playchess.com"]
[Source "ChessBase"]
[SourceQuality "1"]
[TimeControl "40/5400+30:1800+30"]

1. e4 {[%emt 0:00:00]} e5 {[%emt 0:00:00]} 2. Nf3 {[%emt 0:00:00]} Nc6 {[%emt 0:00:05]} 3. Bc4 {[%emt 0:00:15]} Bc5 {[%emt 0:00:00]} 4. O-O {[%emt 0:00:00]} Nf6 {[%emt 0:00:00]} 5. d3 {[%emt 0:00:31]} d6 {[%emt 0:00:15]} 6. c3 {[%emt 0:00:22]} a6 {[%emt 0:00:30]} 7. a4 {[%emt 0:00:30]} Ba7 {[%emt 0:00:30]} 8. Na3 {[%emt 0:00:01]} O-O {[%emt 0:05:20]} 9. Re1 {[%emt 0:07:42]} Ne7 {[%emt 0:11:18]} 10. Nc2 {[%emt 0:03:27]} c6 {[%emt 0:01:02]} 11. Ba2 {[%emt 0:08:06]} Ng6 {[%emt 0:00:35]} 12. d4 {[%emt 0:07:37]} h6 {[%emt 0:05:47]} 13. b4 {[%emt 0:13:00]} d5 {[%emt 0:05:00]} 14. exd5 {[%emt 0:10:31]} e4 {[%emt 0:00:05]} 15. Ne5 {[%emt 0:00:40]} cxd5 {[%emt 0:00:07]} 16. Nxg6 {[%emt 0:04:17]} fxg6 {[%emt 0:00:04]} 17. Ne3 {[%emt 0:01:52]} Be6 {[%emt 0:03:46]} 18. b5 {[%emt 0:04:59]} axb5 {[%emt 0:02:44]} 19. axb5 {[%emt 0:05:07]} Qd6 {[%emt 0:17:57]} 20. Bb3 {[%emt 0:05:37]} Bb8 {[%emt 0:06:51]} 21. Rxa8 {[%emt 0:00:36]} Qxh2+ {[%emt 0:00:04]} 22. Kf1 {[%emt 0:00:15]} Ng4 {[%emt 0:00:06]} 23. Nxg4 {[%emt 0:14:52]} Qh1+ {[%emt 0:00:31]} 24. Ke2 {[%emt 0:00:21]} Bxg4+ {[%emt 0:00:14]} 25. Kd2 {[%emt 0:01:11]} Qxg2 {[%emt 0:16:51]} 26. Bxd5+ {[%emt 0:08:09]} Kh7 {[%emt 0:00:04]} 27. Bxe4 {[%emt 0:01:07]} Qxf2+ {[%emt 0:02:18]} 28. Re2 {[%emt 0:01:03]} Bf4+ {[%emt 0:02:54]} 29. Kd3 {[%emt 0:00:30]} Qg3+ {[%emt 0:02:24]} 30. Re3 {[%emt 0:01:37]} Bxe3 {[%emt 0:00:59]} 31. Bxe3 {[%emt 0:00:36]} Bxd1 {[%emt 0:02:18]} 32. Rxf8 {[%emt 0:00:19]} Bc2+ {[%emt 0:00:59]} 33. Kxc2 {[%emt 0:00:13]} Qxe3 {[%emt 0:00:06]} 34. Bd3 {[%emt 0:00:35]} h5 {[%emt 0:03:00]} 35. Rf7 {[%emt 0:00:26]} h4 {[%emt 0:01:35]} 36. Rxb7 {[%emt 0:00:24]} Qf2+ {[%emt 0:00:45]} 37. Kb3 {[%emt 0:01:03]} Qf3 {[%emt 0:00:18]} 38. Bxg6+ {[%emt 0:00:31]} Kxg6 {[%emt 0:00:11]} 39. Rb6+ {[%emt 0:00:06]} Kh7 {[%emt 0:01:12]} 40. Rb8 {[%emt 0:00:00]} h3 {[%emt 0:00:00]} 41. b6 {[%emt 0:00:50]} h2 {[%emt 0:02:24]} 42. b7 {[%emt 0:00:12]} Qf7+ {[%emt 0:00:38]} 43. d5 {[%emt 0:00:49]} Qc7 {[%emt 0:00:56]} 44. Rf8 {[%emt 0:00:55]} Qxb7+ {[%emt 0:00:07]} 45. Kc4 {[%emt 0:00:08]} h1=Q {[%emt 0:00:10]} 46. Rf5 {[%emt 0:00:48]} Qe4+ {[%emt 0:00:12]} 47. Kc5 {[%emt 0:00:05]} Qc7+ {[%emt 0:00:24]} 48. Kb5 {[%emt 0:00:05]} Qec4# {[%emt 0:00:11]} 0-1

[Event "70th RUS-ch Women Higher League 2020"]
[Site "Sochi"]
[Date "2020.10.16"]
[Round "8.16"]
[White "Mukhina, Jana"]
[Black "Gorovenko, Darya"]
[Result "1/2-1/2"]
[WhiteElo "2025"]
[BlackElo "2120"]
[Annotator "ChessBase"]
[PlyCount "62"]
[EventDate "2020.10.08"]
[EventType "swiss"]
[EventCountry "RUS"]
[SourceTitle "playchess.com"]
[Source "ChessBase"]
[SourceQuality "1"]
[TimeControl "40/5400+30:1800+30"]

1. d4 {[%emt 0:00:38]} g6 {[%emt 0:01:11]} 2. e4 {[%emt 0:00:27]} Bg7 {[%emt 0:00:07]} 3. Nc3 {[%emt 0:00:32]} d6 {[%emt 0:00:09]} 4. Be3 {[%emt 0:00:44]} c6 {[%emt 0:00:21]} 5. h3 {[%emt 0:00:54]} b5 {[%emt 0:00:48]} 6. a3 {[%emt 0:01:18]} a6 {[%emt 0:00:07]} 7. f4 {[%emt 0:02:25]} Nd7 {[%emt 0:00:55]} 8. Nf3 {[%emt 0:01:29]} Bb7 {[%emt 0:00:23]} 9. Qd2 {[%emt 0:09:28]} Qc7 {[%emt 0:04:54]} 10. Be2 {[%emt 0:07:07]} O-O-O {[%emt 0:05:49]} 11. Ng5 {[%emt 0:06:45]} Nh6 {[%emt 0:00:40]} 12. O-O {[%emt 0:06:18]} Nf8 {[%emt 0:07:27]} 13. Nf3 {[%emt 0:02:59]} f5 {[%emt 0:02:33]} 14. e5 {[%emt 0:06:45]} dxe5 {[%emt 0:01:45]} 15. fxe5 {[%emt 0:01:11]} Nf7 {[%emt 0:00:05]} 16. Qe1 {[%emt 0:04:36]} Ne6 {[%emt 0:00:11]} 17. a4 {[%emt 0:01:01]} f4 {[%emt 0:07:39]} 18. Bf2 {[%emt 0:03:28]} Nfg5 {[%emt 0:01:33]} 19. d5 {[%emt 0:06:46]} cxd5 {[%emt 0:02:16]} 20. Nxg5 {[%emt 0:05:46]} Nxg5 {[%emt 0:00:05]} 21. axb5 {[%emt 0:00:17]} d4 {[%emt 0:01:53]} 22. bxa6 {[%emt 0:00:28]} Bxg2 {[%emt 0:20:27]} 23. Nb5 {[%emt 0:00:38]} Qd7 {[%emt 0:09:14]} 24. Bxd4 {[%emt 0:10:05]} Qxh3 {[%emt 0:01:27]} 25. Qa5 {[%emt 0:15:35]} Qh1+ {[%emt 0:14:59]} 26. Kf2 {[%emt 0:00:01]} Qh4+ {[%emt 0:00:07]} 27. Kxg2 {[%emt 0:00:37]} Qh3+ {[%emt 0:00:32]} 28. Kg1 {[%emt 0:00:06]} Qg3+ {[%emt 0:00:09]} 29. Kh1 {[%emt 0:00:02]} Qh3+ {[%emt 0:00:07]} 30. Kg1 {[%emt 0:00:04]} Qg3+ {[%emt 0:00:05]} 31. Kh1 {[%emt 0:00:10]} Qh3+ {[%emt 0:00:18]} 1/2-1/2